Equipe du tournois - Coupe du Monde des Clubs 2025 - Statistiques

Statistiques générales
  • Ce quiz a été pris 49 fois
  • Le résultat moyen est 8 sur 11
Statistiques - réponses
Poste Nationalité Club Joueur % Correct
DEF Marocain Paris Saint-Germain Achraf Hakimi
100%
DEF Espagnol Chelsea Marc Cucurella
96%
DEF Brésilien Paris Saint-Germain Marquinhos
96%
MIL Portugais Paris Saint-Germain Vitinha
93%
ATT Anglais Chelsea Cole Palmer
87%
G Marocain Al-Hilal Yassine Bounou
87%
MIL Argentin Chelsea Enzo Fernandez
80%
ATT Portugais Chelsea Pedro Neto
64%
DEF Brésilien Fluminense Thiago Silva
60%
ATT Espagnol Real Madrid Gonzalo Garcia
58%
ATT Colombien Fluminense Jhon Arias
4%
Aucun quiz correspondant
Distribution des résultats
% des personnes avec chaque résultat
Percentile par nombre de réponses
Votre historique - résultats
Vous n’avez pas pris ce quiz